[Event "ISR-chT"]
[Site "Israel"]
[Date "1997.03.06"]
[Round "5"]
[White "Tsesarsky, Ilya"]
[Black "Berkovich, Mark A"]
[Result "1-0"]
[WhiteElo "2390"]
[BlackElo "2410"]
[Annotator "Tsesarsky,I"]
[PlyCount "121"]
[EventDate "1997.??.??"]
[EventType "team"]
[EventRounds "11"]
[EventCountry "ISR"]
[SourceTitle "CBM 058"]
[Source "ChessBase"]
[SourceDate "1997.06.01"]
[SourceVersion "1"]
[SourceVersionDate "1997.06.01"]
[SourceQuality "1"]

1. Nf3 d5 2. d4 Nf6 3. c4 e6 4. Nc3 Bb4 5. Bg5 h6 6. Bxf6 Qxf6 7. e3 (7. Rc1
O-O 8. a3 Bxc3+ 9. Rxc3 dxc4 10. Rxc4 Nc6 $5 (10... c6 $5 11. e4 b6 12. Bd3 Ba6
13. Rc3 Bxd3 14. Qxd3 Rd8 15. Qc2 e5 $1 16. Nxe5 (16. dxe5 Qe6 17. O-O c5 18.
b4 Nd7 19. Rc1 cxb4 20. axb4 (20. Rc6 Qe7 21. axb4 Nxe5 $11 (21... Qxb4 22. e6
fxe6 23. Rxe6 Nc5 $132)) 20... Nxe5 $11) 16... Rxd4 17. Nxc6 Nxc6 18. Rxc6 Qf4
19. O-O $11) 11. e4 Qg6 (11... Rd8) 12. Qc2 f5 13. Ne5 Nxe5 14. dxe5 Bd7 (14...
c6 15. f4 fxe4 16. g3 $14) 15. exf5 Rxf5 16. f4 Qg4 17. Qe2 Qg6 (17... Qxe2+
18. Bxe2 Bc6 19. Bg4 Bd5 20. Rd4 Rf7 21. O-O (21. f5 $2 exf5 22. Rxd5 (22. Bh5
Rd7 $15) 22... fxg4 $15) 21... c5 22. Rd2 g6 $11) 18. Qd2 $14 {Soffer,
R-Berkovich,M/Tel Aviv ASA 1994/1-0 (48)}) 7... O-O 8. Rc1 c6 9. a3 (9. Bd3 Nd7
10. O-O Qe7 11. a3 Bd6 12. c5 Bc7 13. e4 dxe4 14. Bxe4 e5 $13 {Savchenko,
S-Landa,K/Kazan/1995/0,5/29/}) 9... Ba5 (9... Bxc3+ 10. Rxc3 Nd7 11. Qc2 dxc4
12. Bxc4 e5 13. O-O (13. d5 c5 14. Bb5 Qd6 15. O-O Nf6 16. e4 a6 17. Be2 Bg4
18. Rc1 Rfc8 19. h3 Bd7 20. Nd2 Ne8 21. Nc4 Qc7 22. Rd1 f6 23. d6 Qd8 24. Bg4
Bxg4 25. hxg4 Rc6 26. d7 Nc7 27. Na5 {1-0 Ftacnik,L-Prandstetter,E/Hradec
Králové 1981}) 13... exd4 14. Nxd4 Rd8 15. Ba2 Nf8 16. f4 $36 {Lobron,
E-Benjamin,J/Amsterdam/1994/1|0/56/}) 10. b4 Bc7 (10... Bb6 11. Bd3 Nd7 12. O-O
dxc4 13. Bxc4 Rd8 14. Qb3 Bc7 15. Rcd1 g5 16. e4 e5 17. dxe5 Nxe5 18. Rxd8+
Qxd8 19. Nxe5 Bxe5 20. Bxf7+ Kg7 21. Ne2 Qc7 22. Be6 Bxh2+ 23. Kh1 Be5 24. Rd1
Qe7 25. Bxc8 Rxc8 26. Nd4 Bxd4 27. Rxd4 $14 {1/2-1/2 Matamoros,C-Blatny,P/WchJ
Gausdal 1986 (39)}) 11. Bd3 $2 (11. cxd5 $1 cxd5 (11... Rd8 12. dxe6 Bxe6 13.
Bd3 (13. Ne4 Qe7 14. Nc5 Bc8 15. Bd3 a5 16. Rb1 axb4 17. axb4 b6 18. Ne4 Ba6
19. O-O $16) 13... a5 14. b5 Qe7 15. a4 $16) 12. Nxd5 exd5 13. Rxc7 Nc6 14. b5
Qd8 (14... Qd6 15. Rxc8 Rfxc8 (15... Raxc8 16. bxc6 Qxa3 (16... Rxc6 17. Bb5
Rc3 18. a4 a6 19. Be2 Qb4 20. O-O $16) 17. Be2 $6 (17. Ne5 $1 f6 (17... bxc6
18. Bd3 Qc3+ 19. Ke2 c5 20. Nd7 c4 21. Bf5 Rfe8 22. Qa1 Qxa1 23. Rxa1 $16) 18.
Nd7 Rfe8 19. Be2 Qc3+ 20. Qd2 Qxc6 21. Nc5 b6 22. Nd3 Qc3 23. Qxc3 Rxc3 24. Kd2
Ra3 25. Nb4 Rd8 26. Bf3 $18) 17... Rxc6 18. O-O Rfc8 19. Qb1 $14 {1/2-1/2
Stohl,I-Barlov,D/Biel (open) 1985 (36)}) 16. bxc6 Rxc6 17. Bd3 Qxa3 18. O-O
Rac8 19. Ne5 Rc3 (19... Rc1 20. Qf3) 20. Qb1 R3c7) 15. Rxc8 Rxc8 16. bxc6 Rxc6
17. Qd2 Qb6 18. Bd3 Qb3 19. O-O Qxa3 20. Ne5 Rc7 21. Bf5 Re8 (21... g6 22. Bh3
Kg7 23. Qe2 Rc1 24. g3 Rxf1+ 25. Kxf1 a6 (25... Re8 26. Qb5) 26. Qf3 Qb3 27.
Nd7 Ra8 28. Kg2 (28. Qf6+ Kg8 29. Kg2 Qd3 30. Nc5 Qb5 (30... Qb1 31. e4 (31.
Be6 fxe6 32. Nxe6 Qe4+ $11) 31... dxe4 (31... Re8 32. e5 b6 33. e6 fxe6 34.
Bxe6+ Rxe6 35. Qxe6+ $18) (31... b6 32. Be6 fxe6 33. Qxg6+ Kh8 34. Qxh6+ Kg8
35. Qxe6+ Kg7 36. Qd7+ Kg6 37. Qc6+ Kh7 38. Qb7+ Kg6 39. Qxa8 bxc5 40. Qxa6+
Kg7 41. Qa7+ Kg6 42. Qxc5 Qxe4+ 43. Kf1 $18) 32. Be6 $18) 31. Ne6 fxe6 32.
Bxe6+ Kh7 33. Qf7+ Kh8 34. Qxg6 $18) 28... f5 (28... a5 29. Qf6+ Kg8 30. Be6
$18) 29. g4 $18)) (11. e4 $6 dxe4 12. Nxe4 Qe7 13. Bd3 a5 (13... e5 $1 14. dxe5
(14. O-O exd4 15. Re1 (15. Nxd4 Bf4 16. Rb1 Rd8 (16... Bxh2+ 17. Kxh2 f5 $1 $17
(17... Qe5+ 18. Ng3))) 15... Rd8 $17) (14. Nxe5 Rd8 $15) 14... a5 15. c5 axb4
16. axb4 Nd7 17. O-O Nxe5 $11) 14. c5 axb4 15. axb4 e5 16. O-O Bg4 $10 17. Re1
Rd8 (17... exd4 18. h3 Bxf3 19. Qxf3 Nd7 20. Nd6 $14) 18. dxe5 Qxe5 19. Nxe5
Bxd1 20. Rcxd1 Bxe5 21. Bc4 $11 {1/2-1/2 Dreev,A-Landa,K/Vienna op 1996 (42)} (
21. Nd6 Bxd6 22. cxd6 Kf8 23. Bc4 b5 24. Bb3 Ra3 25. Rd3 Rd7 $6 26. Rde3 g6 27.
Re8+ Kg7 28. Bxf7 Kxf7 29. Rxb8 Rxd6 $10)) 11... Qe7 12. O-O dxc4 13. Bxc4 a5
$2 (13... Nd7 $142 14. Qb3 e5 15. d5 e4 16. Nd4 Qe5 17. g3 c5 (17... Nf6 18.
dxc6 bxc6 19. Nxc6 Qh5 20. Nd5 Ng4 21. h4 Bd6 22. Nde7+ Kh8 23. Nxc8 Raxc8 24.
Nxa7 Ra8 25. Nb5 Be5 26. Rcd1 $18) 18. Ndb5 Bb8 19. d6 a6 20. Nc7 Ra7 21. bxc5
Nxc5 22. Qb6 Nd7 23. Qd4 b5 24. Bd5 Qxd4 25. exd4 Bxc7 26. dxc7 Rxc7 27. Nxe4
Rxc1 28. Rxc1 Nb6 29. Bb3 Rd8 30. Rc7 Rxd4 (30... Be6 $2 31. Bxe6 fxe6 32. Nc5
Rxd4 33. Rxg7+ Kxg7 34. Nxe6+ Kf6 35. Nxd4 Ke5 (35... Nc4 36. Nc2) 36. Nc2 a5
37. Kf1 $16) 31. Bxf7+ Kf8 32. Nc5 Rd1+ 33. Kg2 Re1 34. Bb3 Re7 35. Rc6 Bb7 36.
Nxb7 Rxb7 37. h4 a5 $14 {( = )}) 14. Qb3 b5 15. Be2 (15. Bd3) 15... axb4 16.
axb4 Bd6 17. Rb1 Na6 18. Na2 Bd7 (18... Bb7 19. Rfc1 Rfd8 20. Qb2 $14 {[%cal
Ge3e4]} (20. Ne5 Bxe5 21. dxe5 Qg5 22. f4 Qg6 23. Bf3 Rd2 24. Rb2 Rd3 25. Qc2
Rad8 26. Rb3 Rxb3 27. Qxb3 Qd3 28. Rc3 Qd2 29. Kf1 Nc7 30. Rc2 Qd3+ 31. Qxd3
Rxd3 32. e4 $11)) 19. Rfc1 Rfc8 20. Qb2 $1 Be8 21. e4 f6 22. e5 Bc7 23. exf6
Qxf6 (23... gxf6 24. Re1 (24. Qd2 Kg7 25. Rb3 Rd8 26. Bd3 Nb8 27. Nc3 Bh5 28.
Qe3 Na6 29. Rcb1 (29. Ne4 Nxb4 30. Nxf6 Qxf6 31. Rxb4 Bf4 $19) 29... Bd6 30.
Qe4 Kg8 31. Na2)) 24. Ne5 $16 Bb6 25. Bf3 Rd8 26. Nxc6 Bxc6 27. Rxc6 (27. Bxc6
Bxd4 28. Qe2 Ra7 29. Rc2 (29. Bxb5 Qxf2+ 30. Qxf2 Bxf2+ 31. Kxf2 Rd2+ 32. Kf1
Rxa2 33. Bc4 Rd2 34. Bxe6+ Kf8 35. Ra1 $16) 29... Nc7) 27... Qxd4 28. Qc2 $2 (
28. Nc3 Nc7 29. Qc2 $16) 28... Qxf2+ $1 (28... Rab8 29. Rd1 (29. Rxe6 Re8 30.
Rc6 (30. Rxe8+ Rxe8 31. Rd1 Nxb4 32. Qb3+ Kh8 33. Qxb4 Qxf2+ 34. Kh1 Qxa2 35.
Qxb5 Qe6 $11) 30... Kh8 31. h3 $16) 29... Qe5 30. Rxd8+ Rxd8 31. Qe2 Qd4 (31...
Qa1+ 32. Rc1 Qf6 33. Qxb5 Bxf2+ 34. Kxf2 Rd2+ 35. Ke1 Rxa2 36. Rc8+ Kh7 37.
Be4+ g6 38. Qd7+ Qg7 39. Bxg6+ Kxg6 40. Qxe6+ $18) (31... Qxe2 32. Bxe2 Rd2 33.
Nc1 Nc7 34. Rxb6 Rc2 35. g3 Rxc1+ 36. Kg2 Kf7 37. Bxb5 Nxb5 38. Rxb5 Rb1 $16)
32. Qxe6+ Kh8 33. Qe2 Qxf2+ 34. Qxf2 Bxf2+ 35. Kxf2 Rd2+ 36. Ke3 Rxa2 37. Be4
Ra3+ 38. Kd4 Kg8 39. Bg6 Kf8 40. Re6 Nc7 41. Re2 Ra6 42. Rf2+ Ke7 43. Rf7+ Kd6
44. Bf5 Ra4 45. Rd7+ Kc6 46. Rxg7 Rxb4+ 47. Ke5 $16) 29. Qxf2 Bxf2+ 30. Kxf2
Rd2+ 31. Kg3 Rxa2 32. Rxe6 $6 (32. Rb6 $5 Rb8 $8 (32... Rd8 33. Rxb5 Kf7 34.
Rb7+ Kf6 35. b5 Nc5 36. Rc7 Nd3 37. b6 $16) 33. Bb7 Re2 34. Rxb5 Nc7 35. Rb6
Rd2 (35... Nd5 36. Rxe6 Rxg2+ 37. Kxg2 Nf4+ 38. Kf3 Nxe6 39. Bd5 $16) 36. Ra1
Nd5 37. Rb5 $11) 32... Rd8 (32... Ra3 33. Re5 (33. Rb6) 33... Rb8) 33. Re5 (33.
Rc1 Nxb4 34. Rc7 Na6 35. Rcc6 (35. Rce7 Kf8 36. Bh5 Rd3+) (35. Ra7 Nc5) 35...
Nb4 $11) 33... Nc7 $4 (33... Ra4 34. Rxb5 Rd4 35. Ra5 Raxb4 36. Re1 Ra4 $11)
34. Rc1 $18 Na6 (34... Ra7 35. Re7 Rc8 36. Bg4 Kf8 37. Rd7 Kg8 38. Rc6 $18) 35.
Bd5+ (35. Rxb5 Rb2 36. Rc4 $16) 35... Rxd5 36. Rxd5 Nxb4 37. Rxb5 Nc2 (37...
Nd3 38. Rcb1) 38. Kh3 Ne3 39. g3 Kh7 40. Re1 Ra3 41. Re5 Nc4 42. Re6 Rd3 43.
R1e2 Rd5 44. Re7 Rh5+ 45. Kg2 Rc5 46. R2e6 Rg5 47. h4 Rg4 48. Re4 Rxe4 49. Rxe4
Nd6 50. Re5 Nf7 51. Rd5 Kg6 52. Kf3 Kf6 53. Ke4 Ke6 54. Ra5 Nd6+ 55. Kf4 Kf6
56. Ra6 Ke6 57. g4 g6 58. Ra7 Nf7 59. g5 hxg5+ 60. hxg5 Nh8 61. Rg7 1-0

[Event "Prague Masters 1st"]
[Site "Prague"]
[Date "2019.03.15"]
[Round "9.3"]
[White "Navara, David"]
[Black "Vidit, Santosh Gujrathi"]
[Result "0-1"]
[WhiteElo "2739"]
[BlackElo "2711"]
[Annotator "Vidit,S"]
[PlyCount "114"]
[EventDate "2019.03.06"]
[EventType "tourn"]
[EventRounds "9"]
[EventCountry "CZE"]
[EventCategory "19"]
[SourceTitle "CBM 189"]
[Source "ChessBase"]
[SourceDate "2019.04.29"]
[SourceVersion "1"]
[SourceVersionDate "2019.04.29"]
[SourceQuality "1"]

{[%evp 0,114,28,34,29,-9,4,-15,-2,4,33,1,10,10,10,-33,-24,-26,-19,-16,-1,-36,
-34,-30,-23,-5,0,-6,4,-13,7,-20,-20,-9,0,16,17,11,10,-5,-10,3,7,-14,-14,2,4,
-30,-30,-103,-110,-117,-116,-118,-118,-113,-116,-116,-118,-111,-118,-119,-118,
-134,-122,-123,-118,-123,-121,-118,-118,-123,-129,-140,-134,-129,-124,-119,
-119,-120,-119,-115,-119,-119,-123,-119,-121,-121,-121,-121,-121,-121,-108,
-113,-111,-111,-98,-121,-121,-114,-121,-121,-121,-214,-206,-240,-231,-224,-239,
-238,-214,-213,-207,-203,-204,-204,-203]} 1. d4 Nf6 2. c4 e6 3. Nf3 d5 4. Nc3
Bb4 5. Qb3 {I wasn't expecting this variation. This line was supposed to be
quite easy for Black, so I was intrigued to see what idea David had in mind.}
c5 6. dxc5 Na6 7. a3 Bxc3+ 8. Qxc3 Nxc5 9. cxd5 Qxd5 10. Be3 Nce4 11. Qb4 $5 {
This was played only once before. I was out of the book and decided to play
the most natural moves.} a5 (11... Bd7 12. Rd1 a5 13. Qb6 Qa2 {is the engine's
first line. Don't ask me why!}) 12. Qd4 O-O 13. Ne5 {White's main trump is the
pair of bishops. Although he lacks a bit in development, if he manages to get
f3-e4, kicking my knights, he would stand better.} a4 14. Nd3 ({In the
previous game Black surprisingly blundered with} 14. f3 $4 Qa5+ 15. Qb4 Qxe5
16. fxe4 Bd7 $19 {0-1 (25) Moranda,W (2599)-Tregubov,P (2592) Germany 2018})
14... Rd8 {I saw this move instantly, but I was looking to find something more
forcing.} ({I was attracted to the sophisticated idea of} 14... Qa5+ $5 15. Qb4
Qf5 {The point is that now f3 is met with Nd5. But sadly I couldn't find
anything after} 16. Bc1 $1 {It looks ridiculous to bring one of the only
developed pieces back to its initial position. But now that the threat of Nd5
isn't there, there isn't an easy way to stop f3-e4.} (16. f3 Nd5 $1)) 15. Qxd5
{Until now David had been blitzing, but surprisingly he took half an hour to
play this move.} (15. Qb4 {was the only other alternative. It didn't work due
to some beautiful lines.} Qf5 {threatening Nd5} 16. f3 (16. g4 $5 Nxg4 17. Bb6
Rxd3 $1 18. exd3 Nef6 $1 {Black has fantastic compensation for the exchange.} (
18... Nexf2 $6 19. Rg1 Qe5+ 20. Kd2 Qg5+ 21. Kc2 {and the king runs})) 16...
Nd5 17. Qd4 e5 $1 18. Nxe5 Ng5 19. g4 Qf6 $132) 15... Nxd5 16. Bc1 b5 {I
wanted to have a firm grip on c4 as my knights will eventually end up there.} (
16... Bd7 $1 17. f3 Nd6 18. e4 Nb6 {followed by Bb5 seems to solve all the
problems.}) 17. f3 Nd6 18. e4 Nb6 19. Bd2 $6 {A surprising move as it allows
the exchange of the light squared bishop.} (19. Bf4 $5 Nbc4 20. Be2 f6 21. Bxd6
Nxd6 22. Nb4 {White has a very pleasant endgame, although it's quite close to
equal.}) 19... Ndc4 20. Bc3 Ne3 21. Ke2 (21. Nb4 Nxf1 22. Rxf1 $11 {is
probably a less clumsier way of exchanging.}) 21... Nbc4 22. Ne5 Ba6 (22...
Nxf1 {Initially I wanted to simply a force a draw with} 23. Nxc4 bxc4 24. Rhxf1
Rd3 {but then later I realized that I can try to pose some more problems.
Although it's still completely equal, of course.}) 23. Nxc4 Nxc4 24. Rc1 $4 {
David hallucinated. He told me after the game that he simply missed the idea
of Nd2.} (24. Kf2 Nxb2 {Black wins a pawn, but still the endgame should be
completely equal, as the bishop on a6 is nothing more than a pawn.} 25. Be2
Nd3+ 26. Ke3 Rdc8 27. Bd4 Nc5 28. Bxc5 Rxc5 29. Rhc1 Rac8 30. Rxc5 Rxc5 31. Rd1
) 24... b4 25. Bxb4 Nd2+ 26. Ke3 Nxf1+ 27. Rhxf1 Bxf1 28. Rxf1 Rac8 $17 {
The endgame should be completely winning for Black, but there are still some
technical difficulties as it's not easy for Black to find an entry into
White's camp.} 29. Bc3 f6 30. h3 {Another strange move, unnecceasarily
weakening the g3 square.} Kf7 31. Rg1 Rd7 {I decided to shuffle around till
move 40 before taking any concrete measures.} 32. Ke2 Kg6 33. Ke3 Kg5 34. Rc1 {
Cheeky.} Kg6 {I didn't want to take any big committal decisions before move 40.
I decided to simply improve my position to the maximum.} 35. Kf2 h5 36. Kg3 Rd3
(36... Rcd8 {is slightly careless as it would free the rook on c1.} 37. Bb4)
37. Kf2 h4 38. Ke2 Rd7 39. Ke3 Kh5 40. Rf1 Rcd8 {There are two main plans in
this position: 1) To push the king back to e2 and try to enter with the king
via g5-f4-g3. 2) To block the kingside and manoeuvre the king all the way to
b3. The 1st plan was shorter and more tempting. The lazy person that I am, I
decided to go for the shorter route.} 41. Ke2 Rb8 (41... Kg5 {is the natural
follow up but I couldn't see how to procede after} 42. Rc1 Kf4 43. Be1 {
Preventing Kg3.} Rb7 44. Rc2 Rdb8 {Initially, I thought this was winning for
Black as it seems that the bishop has to prevent both Kg3 and support the b2
pawn.} {But then I spotted the idea of} 45. Kf2 (45. b4 $3 {The computer spots
the brilliant idea of mating the black king!} axb3 46. Rc5 $1 {The idea of g3
hxg3/Bd2# is impossible to parry.} Rd7 47. Bxh4 $18 {Bruzon Batista,L (2659)
-Vidit,S (2651) FIDE World Cup 2015 (1.3) 1-0 Ironically, once I had trapped
my king exactly this way in the World Cup.}) 45... Rxb2 46. Bd2+ Ke5 47. Bc3+)
42. Rc1 Rb3 43. Rf1 Kg5 44. Ke3 Rb6 45. Rc1 Rbd6 46. Ke2 Rd3 47. Be1 Rb3 48.
Rc2 e5 {As I couldn't make any progress on the kingside, I decided to opt for
the second plan of transferring the king to the queenside.} 49. Bc3 Kg6 50. Ke3
$6 {Allowing the rook to the 1st rank can't be right. He probably got tired of
defending and started making mistakes.} Rd1 $19 51. f4 $2 {Whoever said
mistakes come in pairs was a wise man.} Re1+ 52. Kd2 Rxe4 53. fxe5 fxe5 54. Kd3
Rd4+ 55. Ke3 Kf5 56. Rf2+ Rf4 57. Rd2 Rc4 {It's funny how the last round makes
or breaks your tournament. With a win, I managed to finish second making an
average event into a good one.} 0-1

[Event "Bonn GSK"]
[Site "Bonn"]
[Date "1995.??.??"]
[Round "1"]
[White "Heinbuch, Detlef Ulrich"]
[Black "Piskov, Yury"]
[Result "0-1"]
[WhiteElo "2355"]
[BlackElo "2540"]
[Annotator "Von Gleich,A"]
[PlyCount "78"]
[EventDate "1995.??.??"]
[EventType "tourn"]
[EventRounds "11"]
[EventCountry "GER"]
[EventCategory "8"]
[SourceTitle "CBM 045"]
[Source "ChessBase"]
[SourceDate "1995.04.01"]
[SourceVersion "1"]
[SourceVersionDate "1995.04.01"]
[SourceQuality "1"]

1. d4 d5 2. Nf3 Nf6 3. c4 e6 4. Nc3 Bb4 5. cxd5 exd5 6. Bg5 h6 (6... Nbd7) 7.
Bxf6 Qxf6 8. e3 O-O 9. Qb3 c5 (9... Bxc3+ 10. Qxc3 c6 $14) 10. dxc5 (10. Qxd5
$5 {tapfer, aber eine direkte Widerlegung ist nicht zu sehen.} Rd8 (10... cxd4
$2 11. Qxd4 Bxc3+ 12. Qxc3 $16) 11. Qb3 Nc6 12. dxc5 Be6 $44) 10... Bxc3+ 11.
Qxc3 Qxc3+ 12. bxc3 Nd7 13. c4 (13. O-O-O Nxc5 14. Rxd5 Ne4) (13. Rd1 $1 Nxc5
14. Rxd5 b6 {Schwarz hat etwas Kompensation für den Bauern.}) 13... dxc4 14. c6
Nb6 $5 (14... bxc6 15. Bxc4 $14) 15. a4 $6 (15. Ne5 c3 16. Rc1 Re8 17. Nc4 bxc6
18. Rxc3 $14) 15... a5 (15... bxc6 16. a5 Nd5 17. Bxc4 Rb8) 16. Rb1 Nxa4 17.
cxb7 Rb8 18. Bxc4 (18. Ra1 $1 Bd7 19. Ne5 Bb5 20. Bxc4 Rxb7 21. O-O $14 {
kleiner bis großer Vorteil Weiß}) 18... Rxb7 19. O-O Rc7 20. Rfc1 Bf5 21. Ra1 (
21. Rb5 $2 Be6 22. Ne5 Rfc8 $1 $19) 21... Nb6 22. Bb5 Rxc1+ 23. Rxc1 Rc8 {[#]}
24. Ra1 a4 25. Nd4 Be6 26. Kf1 Rc5 27. Ke2 Rh5 28. h4 Bb3 (28... Rxb5 $2 29.
Nxb5 Bc4+ 30. Ke1 Bxb5 31. Rb1 Bc4 32. Rxb6 a3 33. Rb8+ Kh7 34. Ra8 a2 35. Kd2
$16) (28... Rxh4 29. Bxa4 $10) 29. g3 Rc5 30. Bd3 Bc4 31. Rb1 Bxd3+ 32. Kxd3
Nd5 33. e4 Nf6 34. Rb8+ Kh7 35. Ra8 Ng4 36. Rxa4 Nxf2+ 37. Ke3 Ng4+ 38. Kf4 Ne5
39. Ra3 $4 (39. Nf5 $1 $10) 39... g5+ (39... g5+ 40. hxg5 hxg5+ 41. Ke3 (41.
Kf5 Nc4+) 41... Nc4+) 0-1

[Event "Norway Chess 3rd"]
[Site "Stavanger"]
[Date "2015.06.16"]
[Round "1"]
[White "Vachier Lagrave, Maxime"]
[Black "Aronian, Levon"]
[Result "1-0"]
[WhiteElo "2723"]
[BlackElo "2780"]
[Annotator "Wagner,D"]
[PlyCount "117"]
[EventDate "2015.06.16"]
[EventType "tourn"]
[EventRounds "9"]
[EventCountry "NOR"]
[EventCategory "22"]
[SourceTitle "CBM 167"]
[Source "ChessBase"]
[SourceDate "2015.07.13"]
[SourceVersion "1"]
[SourceVersionDate "2015.07.13"]
[SourceQuality "1"]

{In this game MVL introduced an interesting opening idea, that brought him a
nice edge, which he converted with superb technique.} 1. d4 Nf6 2. c4 e6 3. Nf3
d5 4. Nc3 Bb4 {Aronian chooses his favourite Ragozin.} 5. cxd5 exd5 6. Bg5 h6
7. Bh4 Nbd7 8. e3 g5 9. Bg3 Ne4 {This line is Aronian's pet variation.} 10. Qc2
(10. Nd2 $5 {is the other try here.}) 10... h5 (10... Nb6 {has also been
played by Aronian, but the game definitely left room for improvements.} 11. Bd3
Nxg3 12. hxg3 Be6 13. Ne5 (13. a3 $5 Bf8 14. b4 $14) 13... Qe7 14. f4 O-O-O 15.
O-O Kb8 16. a3 Bd6 17. a4 {0-1 (50) Lysyj,I (2648)-Aronian,L (2813) Tromsoe
2013, with a complicated fight.}) 11. h3 $5 $146 {This move looks ugly at
first sight, but has a lot of venom. The opening of the f-file increases
White's control of the weak squares on f5 and f6 and eases the immediate
opening of the position with e4. Black has not be very careful, which is
difficult without precise knowledge.} (11. Bd3 {didn´t work well in a recent
game:} h4 12. Bxe4 dxe4 13. Qxe4+ Kf8 14. Be5 f6 15. Qg6 fxe5 16. Nxg5 Qf6 17.
Nh7+ Rxh7 18. Qxh7 exd4 19. exd4 Qe6+ 20. Kd2 (20. Kf1 $142 $11) 20... Qf6 $17
{0-1 (40) Postny,E (2630)-Sokolov,I (2623) Montpellier 2015}) 11... Bxc3+ $6 ({
MVL repeated this idea in the last round and Grischuk showed an improvement:} 
11... Qf6 $1 12. Bd3 Bxc3+ 13. bxc3 Nxg3 14. fxg3 g4 $1 15. hxg4 hxg4 16. Nh4
Nb6 17. Qf2 $1 Qxf2+ 18. Kxf2 Be6 19. Nf5 Kd7 20. Rh4 {1/2-1/2 (38) Vachier
Lagrave,M (2723) -Grischuk,A (2781) Stavanger NOR 2015. White had a
comfortable endgame, but coulnd't do much with his slight edge.}) 12. bxc3 Nxg3
13. fxg3 Nb6 (13... Nf6 14. Nxg5 (14. Bd3 g4 15. hxg4 Nxg4 16. O-O $14 {
The king is always quite safe behind its doubled g-pawns.}) 14... Rg8 15. h4
Qe7 16. Be2 Bd7 17. O-O O-O-O 18. Kh2 $14) (13... Qe7 14. Bd3 Nb6 (14... Qxe3+
15. Kd1) 15. O-O $14) (13... Rg8 14. Bd3 g4 15. hxg4 hxg4 16. Nh4 Qg5 17. O-O
Nb6 18. c4 $1 Be6 19. c5 Nc4 20. Bxc4 dxc4 21. Qa4+ c6 22. Rf4 $14) (13... Qf6
14. c4 $14) 14. Bd3 $14 {White is already better. He can play on the queenside
with a4 or opent the centre by e4, while Black has no real counterplay.} g4 ({
Non-concrete play like} 14... Be6 {is no fun either.} 15. a4 (15. e4 $5 $36)
15... Qd6 16. Qf2 Rg8 17. a5 Nd7 18. Nd2 O-O-O 19. O-O g4 20. h4 $40 {White
always profits from his ultra-secure king shelter.}) 15. hxg4 Bxg4 16. O-O Qe7
17. Ne5 Be6 18. Bf5 {quite a convincing way to a decent advantage.} (18. e4 $5
O-O-O 19. exd5 Nxd5 20. Rae1 $14) 18... Nd7 (18... O-O-O $2 19. Bxe6+ fxe6 20.
Nf7 $16) (18... Nc4 19. Nxc4 dxc4 20. Qe4 $16) 19. e4 $1 {Opening the centre
and initiating an advantageous sequence.} (19. Bxe6 Qxe6 20. Nxf7 Rf8 $132)
19... Nxe5 (19... dxe4 20. Bxe6 Qxe6 21. Nxf7 $16) 20. exd5 $1 {A strong
intermediate capture.} O-O-O (20... Bxd5 21. Rae1 Be6 22. Rxe5 O-O-O 23. Bxe6+
(23. Rfe1 Bxf5 24. Qxf5+ Qd7 25. Qf3 $14) 23... fxe6 24. Qe2 Rh6 25. Rb1 $36)
21. dxe6 fxe6 22. Rae1 $1 exf5 23. Rxe5 Qa3 24. Rfxf5 $16 {As the h5-pawn will
fall White is up two pawns. The seemingly weak white king will be able to hide
behind its rooks and passed pawns.} Kb8 25. Rxh5 Rxh5 26. Rxh5 a6 27. Kh2 {
It's very difficult to give Black any good advice, since he has no counterplay.
} Rf8 28. Qb3 Qe7 29. Qd5 Qe2 30. a4 Qd3 31. c4 a5 32. Rh4 Qc3 (32... Qb3 33.
Qxa5 Qxc4 34. Qc5 Qf7 35. a5 $16 {White is winning in the long run.}) 33. g4 {
Now one of the g-pawn starts advancing, while the other one secures the king
against checks from the side.} Qe1 34. Rh7 Qc1 35. Qe5 $1 {Avoiding any checks.
} Qxc4 36. g5 Rg8 37. Rh8 (37. g6 $5 $18) 37... Qf7 38. Rxg8+ Qxg8 39. Qf6 b5 (
39... Qh7+ 40. Kg3 Qd3+ 41. Kh4 Qe4+ 42. Kh5 $18) 40. axb5 a4 41. g6 a3 42. b6
(42. g7 {was a quicker road to victory.} a2 (42... Qh7+ 43. Kg1 a2 44. Qd8+ Kb7
45. Qd5+ Kb6 46. Qxa2 $18) 43. Qf8+) 42... a2 43. Qe5 Qd8 44. bxc7+ Qxc7 45. g7
Qxe5+ 46. dxe5 a1=Q 47. g8=Q+ Kc7 48. Qc4+ Kd8 49. Qd5+ Ke7 50. Qd6+ Ke8 51.
Qc6+ Ke7 52. Qc7+ Ke6 53. Qd6+ Kf7 54. Qd7+ Kf8 55. Qf5+ Ke7 56. g3 Qc3 57. Kh3
Ke8 58. Kh4 Qe1 59. Qf4 {A convincing victory by MVL!} 1-0